Apéndice de la memoria del XVII Congreso Ordinario que se celebrará en Madrid los días 14 y siguientes de octubre de 1932. (Record no. 25037)

MARC details
000 -LEADER
campo de control de longitud fija 00640nam a2200181 i 4500
001 - NÚMERO DE CONTROL
campo de control 25037
003 - IDENTIFICADOR DE NÚMERO DE CONTROL
campo de control ES-MaACL
005 - FECHA Y HORA DE LA ÚLTIMA TRANSACCIÓN
campo de control 20230906153201.0
007 - CAMPO FIJO DE DESCRIPCIÓN FÍSICA--INFORMACIÓN GENERAL
campo de control de longitud fija t|
008 - DATOS DE LONGITUD FIJA--INFORMACIÓN GENERAL
campo de control de longitud fija 021220s1932 sp |||| | spa d
110 2# - ENTRADA PRINCIPAL--NOMBRE DE ENTIDAD CORPORATIVA
Nombre de entidad corporativa o nombre de jurisdicción como elemento de entrada UGT.
Unidad subordinada Congreso (
Número del congreso/reunión o número de parte o sección 17º.
Fecha del congreso o de la firma del tratado 1932.
Sede del congreso/Lugar de la reunión Madrid)
9 (RLIN) 169440
245 10 - MENCIÓN DEL TÍTULO
Título Apéndice de la memoria del XVII Congreso Ordinario que se celebrará en Madrid los días 14 y siguientes de octubre de 1932.
260 ## - PUBLICACIÓN, DISTRIBUCIÓN, ETC.
Lugar de publicación, distribución, etc. Madrid :
Nombre del editor, distribuidor, etc. [s.n.,
Fecha de publicación, distribución, etc. 1932] (
Fabricante Gráfica Socialista)
300 ## - DESCRIPCIÓN FÍSICA
Extensión 102 p. ;
Dimensiones 27 cm.
500 ## - NOTA GENERAL
Nota general Precede al tít.: Unión General de Trabajadores de España.
610 24 - PUNTO DE ACCESO ADICIONAL DE MATERIA--NOMBRE DE ENTIDAD CORPORATIVA
Nombre de entidad corporativa o nombre de jurisdicción como elemento de entrada UGT.
9 (RLIN) 7030
852 ## - LOCALIZACIÓN
Ubicación ES-MaACL
Número de control de estantería 1767-F-11
Holdings
Estatus retirado Estado de pérdida Estado de daño No para préstamo Colección Biblioteca de origen Biblioteca actual Ubicación en estantería Fecha de adquisición Fuente de adquisición Total de préstamos Signatura topográfica completa Código de barras Visto por última vez Precio de reemplazo Tipo de ítem Koha
        Colección de folletos Biblioteca del Ateneo de Madrid Biblioteca del Ateneo de Madrid Depósito folletos 17/01/2008     1767-F-11 1025815 23/02/2023 23/02/2023 Folleto